000 00527nam a2200193 a 4500
001 1769943201001
003 YourLibrary
005 20260201164118.0
008 260201s2008##################000#0#eng##
020 _a9780521895378
082 0 4 _a302.40932
_bRUF
100 1 _aRuffini, Giovanni Roberto,
_eauthor.
245 1 0 _aSocial Networks in Byzantine Egypt :
260 _bCambridge University Press,
_c2008.
300 _a288 pages
650 0 _aHistory.
942 _cENGLISH
040 _aYourLibrary
_beng
_cYourLibrary
999 _c609904
_d609904